[Event "World Rapid 2019"]
[Site "Moscow RUS"]
[Date "2019.12.28"]
[Round "12.83"]
[White "Zarnicki, Pablo"]
[Black "Pogosyan, Stefan"]
[Result "1-0"]
[WhiteTitle "GM"]
[BlackTitle "IM"]
[WhiteElo "2514"]
[BlackElo "2459"]
[WhiteFideId "100137"]
[BlackFideId "34159867"]
[EventDate "2019.12.26"]

1. e4 e5 2. Nf3 Nc6 3. Nc3 Nf6 4. d4 exd4 5. Nxd4 Bb4 6. Nxc6 bxc6 7. Bd3 d5 8.
exd5 cxd5 9. O-O O-O 10. Bg5 c6 11. Na4 h6 12. Bh4 Re8 13. c3 Bd6 14. Bc2 a5 15.
a3 Bg4 16. Qd4 Be2 17. Rfe1 Rb8 18. b4 Be5 19. Qd2 Bb5 20. f4 Bd6 21. Nc5 Bxc5+
22. bxc5 Rxe1+ 23. Rxe1 Qf8 24. Bxf6 gxf6 25. Qe3 Bc4 26. h3 Rb5 27. Kh2 Rb2 28.
Bf5 Kh8 29. Bd7 Rb7 30. Bf5 Rb2 31. Qg3 Re2 32. Rb1 Bb5 33. a4 Bxa4 34. Qh4 Bc2
35. Qxf6+ Kg8 36. Rb2 Bd3 37. Rxe2 Bxe2 38. Qxc6 Kg7 39. Qc7 Bc4 40. c6 a4 41.
Qe5+ f6 42. Qe3 Qd6 43. Kg3 Qc7 44. Bd7 Qd6 45. Qa7 h5 46. h4 Kh6 47. Bf5 1-0

[Event "World Rapid 2019"]
[Site "Moscow RUS"]
[Date "2019.12.28"]
[Round "12.84"]
[White "Novikov, Stanislav"]
[Black "Kazakouski, Valery"]
[Result "1/2-1/2"]
[WhiteTitle "GM"]
[BlackTitle "IM"]
[WhiteElo "2531"]
[BlackElo "2485"]
[WhiteFideId "4125371"]
[BlackFideId "13507443"]
[EventDate "2019.12.26"]

1. e4 e5 2. Nf3 Nc6 3. Bb5 a6 4. Bxc6 dxc6 5. O-O Bg4 6. h3 h5 7. d3 Qf6 8. Be3
Bxf3 9. Qxf3 Qxf3 10. gxf3 f5 11. f4 fxe4 12. dxe4 exf4 13. Bxf4 O-O-O 14. Nc3
Be7 15. Rad1 Re8 16. f3 Bf6 17. Kf2 g5 18. Be3 Nh6 19. Bd4 Rhf8 20. Kg3 Re6 21.
Ne2 Nf5+ 22. Kh2 Nh4 23. Ng1 Be7 24. Be3 g4 25. fxg4 Rxf1 26. Rxf1 hxg4 27. hxg4
Rxe4 28. Bf4 Ng6 29. Bg3 Rxg4 30. Nf3 Bd6 31. Rg1 Nh4 32. Nxh4 Rxh4+ 33. Kg2 Rd4
34. Kf3 Kd7 35. Rg2 Bxg3 36. Kxg3 c5 37. Kf3 Kc6 38. Ke3 Rd6 39. Ke2 b6 40. Rg7
c4 41. Rh7 b5 42. a3 Kb6 43. Rg7 c5 44. Rg4 Ka5 45. Rg5 c3 46. b3 Rd2+ 47. Ke3
Rxc2 48. Kd3 Rh2 49. Rxc5 c2 50. Rc6 Rg2 51. Rc8 Kb6 52. b4 Rg3+ 53. Kxc2 Rxa3
54. Kb2 Rh3 55. Rg8 Kc6 56. Rg6+ Kd5 57. Rxa6 Kc4 58. Rg6 Rh2+ 59. Kb1 Rh3 60.
Kb2 Rh2+ 61. Kb1 Kb3 62. Rg3+ Ka4 63. Rf3 Rh4 64. Ka2 Rh2+ 1/2-1/2

[Event "World Rapid 2019"]
[Site "Moscow RUS"]
[Date "2019.12.28"]
[Round "12.85"]
[White "Gundavaa, Bayarsaikhan"]
[Black "Afanasiev, Nikita"]
[Result "0-1"]
[WhiteTitle "GM"]
[BlackTitle "IM"]
[WhiteElo "2489"]
[BlackElo "2517"]
[WhiteFideId "4901045"]
[BlackFideId "24183555"]
[EventDate "2019.12.26"]

1. Nf3 Nf6 2. c4 e6 3. b3 d5 4. Bb2 Be7 5. g3 O-O 6. Bg2 c5 7. O-O Nc6 8. e3 d4
9. exd4 cxd4 10. Re1 Bc5 11. d3 a5 12. Ba3 Nd7 13. Nfd2 Nb4 14. Ne4 Be7 15. f4
Re8 16. Bb2 e5 17. a3 Nc6 18. f5 Nf6 19. Rf1 g6 20. Nxf6+ Bxf6 21. Be4 Bg5 22.
Nd2 Ne7 23. g4 Ra6 24. Kh1 Bf4 25. Rg1 Kh8 26. fxg6 hxg6 27. g5 Kg7 28. Nf3 Nf5
29. Bc1 Ne3 30. Qe2 Rh8 31. Ra2 Rb6 32. Rb2 Qe7 33. Rb1 Rh3 34. b4 axb4 35. axb4
Ra6 36. c5 Ra8 37. Bxe3 dxe3 38. Rg2 Be6 39. Qc2 Ra2 40. Rb2 Ra1+ 41. Rb1 Rxb1+
42. Qxb1 Bf5 43. Qd1 Qd7 44. Qe2 Bg4 45. Qf1 Rh5 46. b5 Bh3 47. c6 bxc6 48. bxc6
Qd6 49. Qa1 Bxg2+ 50. Kxg2 Qe6 51. Kh1 e2 52. Qe1 Qa2 53. h4 Rh8 54. Kg2 Rb8 55.
c7 Rc8 56. Ng1 Rxc7 57. Nxe2 Qe6 58. Bf3 Qf5 59. Qd1 Rd7 60. Nxf4 Qxf4 61. Qe2
Rc7 62. Qf2 Rc3 63. Be4 Qg4+ 64. Kh2 Rc8 65. Bd5 Qf5 66. Kg2 Rd8 67. Be4 Qg4+
68. Kh2 Qe6 69. Kg3 Rb8 70. Qf3 Rb1 71. Kg2 Qb6 72. Bd5 Rb2+ 73. Kh3 Rf2 74. Qe4
Qd6 75. Kg3 Rf4 76. Qh1 e4 77. Qa1+ Kh7 0-1

[Event "World Rapid 2019"]
[Site "Moscow RUS"]
[Date "2019.12.28"]
[Round "12.86"]
[White "Kryakvin, Dmitry"]
[Black "Deviatkin, Andrei"]
[Result "1-0"]
[WhiteTitle "GM"]
[BlackTitle "GM"]
[WhiteElo "2596"]
[BlackElo "2436"]
[WhiteFideId "4153278"]
[BlackFideId "4121260"]
[EventDate "2019.12.26"]

1. d4 d5 2. c4 c6 3. Nf3 Nf6 4. Nc3 dxc4 5. a4 Bf5 6. e3 e6 7. Bxc4 Bb4 8. O-O
O-O 9. Qe2 Bg6 10. Ne5 Nbd7 11. Nxg6 hxg6 12. Rd1 Qa5 13. Qc2 Rad8 14. h3 Nb6
15. Bf1 e5 16. Na2 Bd6 17. Bd2 Qd5 18. a5 Nbd7 19. Nb4 Qe6 20. a6 Qe7 21. Qc4
Nb6 22. Qb3 c5 23. dxc5 Bxc5 24. Be1 e4 25. Rac1 Rxd1 26. Rxd1 bxa6 27. Bxa6 Kh7
28. Bc3 Re8 29. Be2 Qe6 30. Qxe6 Rxe6 31. Ra1 Nbd5 32. Nxd5 Nxd5 33. Bc4 Rd6 34.
Be5 Re6 35. Bg3 Rb6 36. Bxd5 Rxb2 37. Bxf7 Bb6 38. Ra4 1-0

[Event "World Rapid 2019"]
[Site "Moscow RUS"]
[Date "2019.12.28"]
[Round "12.87"]
[White "Kim, Alexey"]
[Black "Reshetnikov, Alexey"]
[Result "1-0"]
[WhiteTitle "GM"]
[BlackTitle "IM"]
[WhiteElo "2464"]
[BlackElo "2492"]
[WhiteFideId "4129776"]
[BlackFideId "4162080"]
[EventDate "2019.12.26"]

1. e4 c5 2. Nf3 e6 3. d4 cxd4 4. Nxd4 Nc6 5. Nc3 Qc7 6. g3 a6 7. Bg2 Nf6 8. O-O
Bc5 9. Bf4 Ne5 10. Nb3 Ba7 11. a4 d6 12. Qe2 O-O 13. Rad1 h6 14. Kh1 Nc4 15. Bc1
e5 16. h3 Be6 17. f4 exf4 18. gxf4 Rfe8 19. Nd4 Bd7 20. Rg1 Rac8 21. Bf3 Kh8 22.
Rg3 Qa5 23. Nb3 Qb4 24. Nd5 Nxd5 25. Rxd5 Bc6 26. Rh5 Nb6 27. c3 Qxb3 28. f5
Bxe4 29. Bxe4 Rxe4 30. Bxh6 g6 31. Qxe4 Qd1+ 32. Rg1 Qd5 33. Bg7+ Kxg7 34. f6+ 1-0

[Event "World Rapid 2019"]
[Site "Moscow RUS"]
[Date "2019.12.28"]
[Round "12.88"]
[White "Shcherbakov, Ruslan"]
[Black "Yagupov, Igor"]
[Result "1/2-1/2"]
[WhiteTitle "GM"]
[BlackTitle "GM"]
[WhiteElo "2527"]
[BlackElo "2357"]
[WhiteFideId "4102240"]
[BlackFideId "4113632"]
[EventDate "2019.12.26"]

1. e4 c5 2. Nf3 e6 3. d4 cxd4 4. Nxd4 Nf6 5. Nc3 Nc6 6. Nxc6 bxc6 7. e5 Nd5 8.
Ne4 Bb7 9. c4 Nb4 10. c5 Qb8 11. Bf4 Ba6 12. Bxa6 Nxa6 13. O-O Nxc5 14. Ng3 Qb5
15. Nh5 Qd3 16. Qg4 Qg6 17. Qe2 Qd3 18. Qg4 Qg6 19. Qe2 Qd3 20. Qg4 Qg6 21. Qe2 1/2-1/2

[Event "World Rapid 2019"]
[Site "Moscow RUS"]
[Date "2019.12.28"]
[Round "12.89"]
[White "Lobanov, Sergei"]
[Black "Santos Ruiz, Miguel"]
[Result "0-1"]
[WhiteTitle "IM"]
[BlackTitle "GM"]
[WhiteElo "2504"]
[BlackElo "2585"]
[WhiteFideId "24183750"]
[BlackFideId "22291482"]
[EventDate "2019.12.26"]

1. e4 e5 2. Nf3 Nc6 3. Bb5 Nf6 4. d3 Bc5 5. O-O Nd4 6. Nxd4 Bxd4 7. c3 Bb6 8.
Ba4 O-O 9. Bg5 h6 10. Bh4 d6 11. Na3 c6 12. Nc4 Bc7 13. Bc2 d5 14. Ne3 Be6 15.
Qf3 dxe4 16. dxe4 g5 17. Bg3 Nd7 18. Bb3 Qf6 19. Qh5 Nc5 20. Bxe6 Qxe6 21. Nf5
Kh7 22. Qe2 Rad8 23. h4 Kg6 24. Rfd1 Nxe4 25. h5+ Kf6 26. Nxh6 Nxg3 27. fxg3 Kg7
28. Ng4 f5 29. Ne3 Bb6 30. Kh2 g4 31. Rxd8 Bxd8 32. Rf1 Bb6 33. a4 Bxe3 34. Qxe3
b6 35. a5 c5 36. a6 Kh7 37. Rd1 Qe7 38. Rd5 Qf7 39. Rxe5 Qxh5+ 40. Kg1 Rf7 41.
Re8 Qg6 42. Qe5 Qg7 43. Kf2 Qxe5 44. Rxe5 Kg6 45. Ke3 Rd7 46. Re8 Rd1 47. Ra8
Rb1 48. Rxa7 Rxb2 49. Rb7 Kg5 50. a7 Ra2 51. c4 Ra3+ 52. Kf2 f4 53. gxf4+ Kxf4
54. Rf7+ Ke4 55. Rg7 g3+ 56. Rxg3 Ra2+ 57. Kg1 Rxa7 58. Rg6 Rb7 59. Rd6 b5 60.
cxb5 c4 61. b6 c3 62. Rc6 Kd3 63. Kf2 c2 64. g4 Rxb6 65. Rxb6 c1=Q 66. Rb3+ Ke4
67. Rb4+ Ke5 68. Rb5+ Kf4 69. Rb4+ Kg5 70. Rb5+ Kxg4 71. Rb4+ Kf5 72. Rb5+ Ke4
73. Rb4+ Kd3 74. Rb3+ Kc4 75. Rf3 Kd4 76. Rg3 Qd1 77. Rh3 Qd2+ 78. Kf3 Qd3+ 79.
Kg2 Qe2+ 80. Kg3 Ke3 81. Rh8 Qf3+ 82. Kh2 Qf4+ 83. Kg2 Qe4+ 0-1

[Event "World Rapid 2019"]
[Site "Moscow RUS"]
[Date "2019.12.28"]
[Round "12.90"]
[White "Potapov, Pavel"]
[Black "Luukkonen, Tommi"]
[Result "1-0"]
[WhiteTitle "GM"]
[BlackTitle "FM"]
[WhiteElo "2482"]
[BlackElo "2290"]
[WhiteFideId "4169786"]
[BlackFideId "501808"]
[EventDate "2019.12.26"]

1. e4 c5 2. c3 d5 3. exd5 Nf6 4. Nf3 Nxd5 5. d4 cxd4 6. Qxd4 Nc6 7. Bb5 Bf5 8.
Ne5 Qd6 9. O-O f6 10. Nxc6 bxc6 11. Ba4 e5 12. Qd1 Qd7 13. Nd2 Bc5 14. Nb3 Bb6
15. Qf3 e4 16. Qe2 O-O 17. Nd4 Bxd4 18. cxd4 Rab8 19. Be3 Bg4 20. Qc2 Nb4 21.
Qxe4 f5 22. Bb3+ Kh8 23. Qe6 Qc7 24. Qe5 Qd8 25. Bf4 Rb7 26. f3 Bh5 27. Rfd1 Nd5
28. Bxd5 cxd5 29. Qe2 Re8 30. Be5 Qb6 31. b3 Kg8 32. Rac1 a5 33. Rc5 Bf7 34.
Rdc1 Rbe7 35. Qd2 Ra7 36. Qg5 Qg6 37. Qxg6 hxg6 38. Rc7 Rea8 39. h4 Be6 40. Bxg7
a4 41. Be5 axb3 42. axb3 Kf8 43. Rxa7 Rxa7 44. Rc7 Rxc7 45. Bxc7 Bd7 46. Kf2 Kf7
47. Ke3 Bb5 48. Kf4 Ke6 49. Be5 Bd3 50. Kg5 Kf7 51. g4 fxg4 52. fxg4 1-0

[Event "World Rapid 2019"]
[Site "Moscow RUS"]
[Date "2019.12.28"]
[Round "12.91"]
[White "Makoveev, Ilya"]
[Black "Castellanos Rodriguez, Renier"]
[Result "0-1"]
[WhiteTitle "FM"]
[BlackTitle "IM"]
[WhiteElo "2277"]
[BlackElo "2474"]
[WhiteFideId "34155748"]
[BlackFideId "3404650"]
[EventDate "2019.12.26"]

1. e4 c5 2. Nf3 d6 3. d4 cxd4 4. Nxd4 Nf6 5. Nc3 a6 6. f3 e6 7. Be3 h5 8. Qd2
Qc7 9. O-O-O Nbd7 10. Kb1 Be7 11. h3 h4 12. f4 b5 13. Bd3 Bb7 14. Rhe1 Nc5 15.
e5 dxe5 16. fxe5 Nd5 17. Nxd5 Bxd5 18. Bg5 Nxd3 19. Bxe7 Qc4 20. Qxd3 Qxd3 21.
Rxd3 Kxe7 22. Nf5+ exf5 23. Rxd5 Rad8 24. Red1 Rxd5 25. Rxd5 Rh6 26. b3 Rg6 27.
c4 bxc4 28. bxc4 Rxg2 29. c5 f4 30. c6 Rg6 31. Rd7+ Ke8 32. Rd4 Rxc6 33. Rxf4
Rc5 34. Rxh4 Rxe5 35. Kc2 Ke7 36. Kd3 f5 37. Ra4 Re6 38. h4 Kf6 39. Ra5 g6 40.
a4 f4 41. Rg5 Re3+ 42. Kd2 Re4 43. a5 Re5 44. Rg4 Kf5 45. Rg5+ Ke4 46. Rxg6 Rxa5
47. Ke1 Kf3 48. h5 Rxh5 49. Rxa6 Rh1+ 50. Kd2 Kf2 51. Kd3 Re1 52. Ra2+ Kg3 53.
Ra8 f3 54. Rg8+ Kf2 55. Rg7 Re8 56. Rf7 Kg2 57. Rg7+ Kf1 58. Rf7 f2 59. Ra7 Rg8
60. Ra1+ Kg2 61. Ra2 Kg1 0-1

[Event "World Rapid 2019"]
[Site "Moscow RUS"]
[Date "2019.12.28"]
[Round "12.92"]
[White "Tissir, Mohamed"]
[Black "Gasanov, Eldar"]
[Result "1/2-1/2"]
[WhiteTitle "IM"]
[BlackTitle "GM"]
[WhiteElo "2379"]
[BlackElo "2481"]
[WhiteFideId "9000240"]
[BlackFideId "14104466"]
[EventDate "2019.12.26"]

1. e4 c5 2. Nc3 Nc6 3. Bb5 Nd4 4. Bc4 e6 5. Nge2 a6 6. Nxd4 cxd4 7. Ne2 Bc5 8.
O-O Ne7 9. d3 O-O 10. Ng3 b5 11. Bb3 Bb7 12. Qh5 d5 13. e5 Qc7 14. f4 f5 15.
exf6 Rxf6 16. f5 exf5 17. Nxf5 Nxf5 18. Rxf5 Rxf5 19. Qxf5 Qf7 20. Qxf7+ Kxf7
21. Bd2 Re8 22. Re1 Rxe1+ 23. Bxe1 Bd6 24. Bf2 Be5 25. h3 Ke6 26. Kf1 Kd6 27.
Ke2 Bc8 28. Kf3 a5 29. a3 Bd7 30. Be1 a4 31. Ba2 Bf5 32. Bb4+ Kc6 33. Bd2 h6 34.
g4 Bh7 35. h4 Kd6 36. h5 Bg8 37. g5 hxg5 38. Bxg5 Bf7 39. Kg4 Be6+ 1/2-1/2

[Event "World Rapid 2019"]
[Site "Moscow RUS"]
[Date "2019.12.28"]
[Round "12.93"]
[White "Vavulin, Maxim"]
[Black "Krsnik Cohar, Ivan Vihor"]
[Result "0-1"]
[WhiteTitle "GM"]
[BlackTitle "FM"]
[WhiteElo "2556"]
[BlackElo "2313"]
[WhiteFideId "4169530"]
[BlackFideId "14520044"]
[EventDate "2019.12.26"]

1. e4 c6 2. d3 d5 3. Qe2 Nf6 4. e5 Nfd7 5. e6 fxe6 6. d4 e5 7. dxe5 e6 8. h4 Qb6
9. h5 Bc5 10. c3 Nxe5 11. h6 Qc7 12. Be3 Bxe3 13. Qxe3 Na6 14. Be2 Ng6 15. Nf3
gxh6 16. g3 Bd7 17. Bxa6 bxa6 18. Rxh6 Qb6 19. Qe2 O-O-O 20. Nbd2 e5 21. Ng5
Rdf8 22. Nxh7 Rf7 23. Rxg6 Rhxh7 24. O-O-O e4 25. f3 exf3 26. Nxf3 Re7 27. Ne5
Kb7 28. Rg5 Qb5 29. Qf2 Qa4 30. a3 Qe4 31. Nd3 Qe3+ 32. Rd2 Qxg5 33. Nc5+ Kc8
34. Nxd7 Rh1+ 35. Kc2 Rxd7 36. Qc5 Qg6+ 37. Kb3 Rb7+ 38. Ka4 Qe4+ 39. b4 Rc7 40.
Rf2 Kb7 41. Rf4 Qc2+ 42. Ka5 Qb3 43. a4 Ra1 44. b5 Qxb5+ 0-1

[Event "World Rapid 2019"]
[Site "Moscow RUS"]
[Date "2019.12.28"]
[Round "12.94"]
[White "Atabayev, Maksat"]
[Black "Blohberger, Felix"]
[Result "1-0"]
[WhiteTitle "GM"]
[BlackTitle "IM"]
[WhiteElo "2475"]
[BlackElo "2434"]
[WhiteFideId "14001101"]
[BlackFideId "1632051"]
[EventDate "2019.12.26"]

1. e4 e5 2. Nf3 Nf6 3. Nc3 d6 4. d4 exd4 5. Nxd4 Be7 6. Bc4 O-O 7. O-O Re8 8. h3
c6 9. Bb3 Na6 10. Re1 Nc5 11. Bf4 Bf8 12. Qf3 Nxb3 13. axb3 Qb6 14. Rad1 d5 15.
e5 Nd7 16. e6 fxe6 17. Nxe6 Ne5 18. Rxe5 Bxe6 19. Rde1 Bf7 20. Qg4 Rxe5 21. Bxe5
Re8 22. Re2 Qb4 23. f4 a6 24. Kh2 Qb6 25. Nd1 Qd8 26. Nf2 Qc8 27. Qg3 Bg6 28. c3
Qf5 29. b4 Qb1 30. Ng4 Qd3 31. Qe1 Qb1 32. Qh4 Qd1 33. Qf2 Qd3 34. Rd2 Qe4 35.
Qg3 Qb1 36. Ne3 Kh8 37. Rf2 Qe4 38. Nf1 Kg8 39. Nd2 Qd3 40. Nf3 Be4 41. Rd2 Qb1
42. Nd4 Qc1 43. Nb3 Qf1 44. Nc5 Qc1 45. Nxe4 dxe4 46. Rd7 g6 47. Qh4 1-0

[Event "World Rapid 2019"]
[Site "Moscow RUS"]
[Date "2019.12.28"]
[Round "12.95"]
[White "Glek, Igor"]
[Black "Usov, Aleksandr E."]
[Result "1-0"]
[WhiteTitle "GM"]
[WhiteElo "2467"]
[BlackElo "2012"]
[WhiteFideId "4100484"]
[BlackFideId "24257109"]
[EventDate "2019.12.26"]

1. e4 c6 2. c4 d5 3. cxd5 cxd5 4. exd5 Nf6 5. Nc3 Nxd5 6. Nf3 Nc6 7. Bb5 e6 8.
O-O Be7 9. d4 O-O 10. Re1 a6 11. Bxc6 bxc6 12. Ne4 Nf6 13. Nc5 Bxc5 14. dxc5
Qxd1 15. Rxd1 Nd5 16. Ne5 Bb7 17. Bd2 f6 18. Nc4 e5 19. Ba5 Rab8 20. b4 Bc8 21.
a3 Be6 22. Nd6 Nc3 23. Rd2 Nd5 24. f3 h6 25. Rc1 Kh7 26. Kf2 Kg8 27. Nc4 Rb7 28.
Nb6 Kf7 29. a4 Nxb6 30. Bxb6 Bd5 31. b5 axb5 32. axb5 Rc8 33. Rcd1 Ke6 34. bxc6
Bxc6 35. Rd6+ Ke7 36. h4 h5 37. g4 hxg4 38. fxg4 Rd7 39. g5 Rxd6 40. Rxd6 Bd7
41. h5 Rc6 42. h6 gxh6 43. gxf6+ Ke8 44. f7+ Kxf7 45. Rxd7+ Ke6 46. Rd8 h5 47.
Ke3 h4 48. Ke4 h3 49. Rh8 Kd7 50. Rxh3 Rg6 51. Kd5 e4 52. Rh7+ Kc8 53. c6 1-0

[Event "World Rapid 2019"]
[Site "Moscow RUS"]
[Date "2019.12.28"]
[Round "12.96"]
[White "Batchuluun, Tsegmed"]
[Black "Thing, Bibek"]
[Result "1-0"]
[WhiteTitle "GM"]
[BlackTitle "CM"]
[WhiteElo "2530"]
[BlackElo "2222"]
[WhiteFideId "4900847"]
[BlackFideId "12303135"]
[EventDate "2019.12.26"]

1. d4 Nf6 2. c4 e6 3. Nf3 d5 4. g3 dxc4 5. Bg2 Bd7 6. Ne5 Bc6 7. Nxc6 Nxc6 8. e3
Qd7 9. O-O Nd5 10. Qe2 h5 11. Qxc4 h4 12. Nc3 O-O-O 13. Bd2 f5 14. Rfc1 g5 15.
Nxd5 exd5 16. Qa4 hxg3 17. hxg3 Rh6 18. Rab1 Be7 19. b4 Rdh8 20. b5 Nb8 21. Qxa7
f4 22. exf4 Rh2 23. Rxc7+ Kxc7 24. Rc1+ Nc6 25. Rxc6+ 1-0

[Event "World Rapid 2019"]
[Site "Moscow RUS"]
[Date "2019.12.28"]
[Round "12.97"]
[White "Gutenev, Alexander"]
[Black "Tengis, Tsog-Ochir"]
[Result "1/2-1/2"]
[WhiteTitle "IM"]
[BlackTitle "FM"]
[WhiteElo "2469"]
[BlackElo "2190"]
[WhiteFideId "4195540"]
[BlackFideId "4902718"]
[EventDate "2019.12.26"]

1. e4 e5 2. Nf3 Nc6 3. Bb5 Nf6 4. O-O Nxe4 5. Re1 Nd6 6. Nxe5 Nxe5 7. Rxe5+ Be7
8. Bf1 O-O 9. d4 Bf6 10. Re1 Nf5 11. d5 d6 12. Nd2 Re8 13. Ne4 Bd7 14. c3 c6 15.
Bc4 cxd5 16. Bxd5 Bc6 17. Qb3 Re5 18. Bxc6 bxc6 19. Bf4 Rb5 20. Qc2 d5 21. Nxf6+
Qxf6 22. Re2 Rb7 23. Rae1 Re7 24. Rxe7 Nxe7 25. Be5 Qg6 26. Qa4 Nf5 27. Bf4 a5
28. Qxa5 Rf8 29. Qb4 h5 30. h3 Nh4 31. Bg3 Nf5 32. Bh2 Ra8 33. a4 Kh7 34. b3 Rd8
35. Bc7 Rd7 36. Qf4 d4 37. cxd4 Rxd4 38. Qf3 Rd7 39. Bf4 Nd4 40. Qc3 c5 41. Kh2
Qf6 42. Qg3 Rb7 43. Be5 Qe6 44. Qxg7# 1/2-1/2

[Event "World Rapid 2019"]
[Site "Moscow RUS"]
[Date "2019.12.28"]
[Round "12.98"]
[White "Gurvich, Vitaly"]
[Black "Masrahi, Abdulrahman A"]
[Result "1-0"]
[WhiteTitle "FM"]
[BlackTitle "CM"]
[WhiteElo "2230"]
[BlackElo "1956"]
[WhiteFideId "24164852"]
[BlackFideId "21501564"]
[EventDate "2019.12.26"]

1. d4 Nf6 2. c4 e6 3. Nf3 Bb4+ 4. Bd2 Bxd2+ 5. Qxd2 O-O 6. Nc3 Qe7 7. e4 d6 8.
Be2 e5 9. dxe5 dxe5 10. Nd5 Nxd5 11. cxd5 Bg4 12. h3 Bxf3 13. Bxf3 c5 14. O-O
Nd7 15. Rac1 b6 16. Rfd1 Qd6 17. a4 Nf6 18. Qd3 Rfd8 19. a5 Ne8 20. axb6 axb6
21. Ra1 Nc7 22. Be2 g6 23. g3 b5 24. Qb3 c4 25. Qc3 Na6 26. Ra5 Nc5 27. Rxb5
Nxe4 28. Qxc4 f5 29. Rc1 Rdc8 30. Qxc8+ Rxc8 31. Rxc8+ Kg7 32. Rc6 Qd7 33. Rcb6
Nd6 34. Rb4 Kh6 35. h4 Ne4 36. Bf3 Qxd5 37. Bxe4 fxe4 38. Rb3 Qd1+ 39. Kg2 Qd5
40. Re3 Kg7 41. Rb4 Kf6 42. Rbxe4 h6 43. Kh2 Qb5 44. Re2 Qb7 45. Rxe5 Qf3 46.
Re6+ Kf7 47. Re7+ Kf8 48. Re8+ 1-0

[Event "World Rapid 2019"]
[Site "Moscow RUS"]
[Date "2019.12.28"]
[Round "12.99"]
[White "Guimaraes, Diogo Duarte"]
[Black "Al Mutairi, Hassan S"]
[Result "1-0"]
[WhiteTitle "FM"]
[BlackTitle "CM"]
[WhiteElo "2322"]
[BlackElo "1883"]
[WhiteFideId "2112450"]
[BlackFideId "21500193"]
[EventDate "2019.12.26"]

1. e4 g6 2. d4 Bg7 3. Nf3 d5 4. exd5 Qxd5 5. Nc3 Qd6 6. Nb5 Qd8 7. c4 a6 8. Nc3
Bg4 9. Be2 Nf6 10. h3 Bc8 11. O-O O-O 12. Re1 Nbd7 13. Bf4 c5 14. d5 Re8 15. Bf1
Nh5 16. Bh2 e5 17. dxe6 fxe6 18. Qc2 Nb8 19. Rad1 Qf6 20. Nd5 Qf7 21. Nc7 Nc6
22. Nxa8 e5 23. Nb6 Bf5 24. Qc1 Bxh3 25. Ng5 1-0

[Event "World Rapid 2019"]
[Site "Moscow RUS"]
[Date "2019.12.28"]
[Round "12.100"]
[White "Al Nhier, Hamoud"]
[Black "Miranda Neto, Jayme Amorim"]
[Result "1-0"]
[WhiteTitle "FM"]
[BlackTitle "CM"]
[WhiteElo "1934"]
[BlackElo "2102"]
[WhiteFideId "21500045"]
[BlackFideId "2115964"]
[EventDate "2019.12.26"]

1. c4 Nf6 2. g3 g6 3. Bg2 Bg7 4. Nf3 O-O 5. O-O d6 6. d4 c6 7. b3 Bf5 8. Bb2 Qd7
9. Nc3 Bh3 10. e4 Bxg2 11. Kxg2 Na6 12. Re1 Rad8 13. Qd2 Nc7 14. Rad1 Qg4 15. h3
Qh5 16. e5 Nd7 17. g4 Qh6 18. exd6 Qxd2 19. Rxd2 exd6 20. Ba3 c5 21. Ne4 Nf6 22.
dxc5 Nxe4 23. Rxe4 dxc5 24. Rxd8 Rxd8 25. Bxc5 b6 26. Re7 Bf8 27. Rxc7 Bxc5 28.
Rxa7 Rd1 29. Ra8+ Kg7 30. Re8 Rd3 31. Re2 f6 32. Nd2 f5 33. Nf3 Kf6 34. g5+ Kg7
35. Rd2 Rc3 36. Nd4 Kf7 37. Ne2 1-0

[Event "World Rapid 2019"]
[Site "Moscow RUS"]
[Date "2019.12.28"]
[Round "12.101"]
[White "Mikhailovsky, Vladimir"]
[Black "Al Thebaiti, Ahmed M"]
[Result "1-0"]
[WhiteTitle "CM"]
[BlackTitle "CM"]
[WhiteElo "2209"]
[BlackElo "1976"]
[WhiteFideId "34105414"]
[BlackFideId "21502390"]
[EventDate "2019.12.26"]

1. e4 e5 2. d4 exd4 3. c3 d5 4. exd5 Qxd5 5. cxd4 Nf6 6. Nc3 Bb4 7. Nf3 O-O 8.
Be2 Bg4 9. O-O Bxc3 10. bxc3 Qd6 11. h3 Bh5 12. a4 Re8 13. Ba3 Qf4 14. Rb1 b6
15. Re1 Nbd7 16. Rb5 c6 17. Rb2 Rad8 18. Nh2 Bxe2 19. Rbxe2 Rxe2 20. Qxe2 h6 21.
Qc4 c5 22. Re7 Ne4 23. Nf3 Qf6 24. Rxe4 Qg6 25. dxc5 bxc5 26. Qd5 Rb8 27. Rg4
Qb1+ 28. Kh2 Nf6 29. Qxc5 Nxg4+ 30. hxg4 Qe4 31. Qd4 Qe7 32. Bxe7 1-0

[Event "World Rapid 2019"]
[Site "Moscow RUS"]
[Date "2019.12.28"]
[Round "12.102"]
[White "Lam, Daniel King Wai"]
[Black "Al Ghamdi, Ahmed M"]
[Result "1-0"]
[WhiteTitle "FM"]
[BlackTitle "CM"]
[WhiteElo "2110"]
[BlackElo "2107"]
[WhiteFideId "6001238"]
[BlackFideId "21500150"]
[EventDate "2019.12.26"]

1. e4 e5 2. Nf3 Nc6 3. d4 exd4 4. Nxd4 Nf6 5. Nxc6 bxc6 6. e5 Qe7 7. Qe2 Nd5 8.
Nd2 g6 9. Nf3 Bg7 10. c4 Ba6 11. b3 O-O 12. Bb2 Rfe8 13. O-O-O Nb6 14. Qd2 d5
15. exd6 Bxb2+ 16. Kxb2 cxd6 17. Qxd6 Qe4 18. Bd3 Qg4 19. Qg3 Qe6 20. Rhe1 Qf6+
21. Kc2 Rad8 22. Rxe8+ Rxe8 23. Qg5 Qg7 24. a4 Bc8 25. Qc5 Qf6 26. Qd4 Qe7 27.
Re1 Be6 28. h4 Rd8 29. Qc3 Rc8 30. Ng5 Nd5 31. cxd5 h6 32. dxe6 1-0

[Event "World Rapid 2019"]
[Site "Moscow RUS"]
[Date "2019.12.28"]
[Round "13.4"]
[White "Korobov, Anton"]
[Black "Nepomniachtchi, Ian"]
[Result "1/2-1/2"]
[WhiteTitle "GM"]
[BlackTitle "GM"]
[WhiteElo "2668"]
[BlackElo "2767"]
[WhiteFideId "14105730"]
[BlackFideId "4168119"]
[EventDate "2019.12.26"]

1. d4 Nf6 2. c4 g6 3. g3 c6 4. Bg2 d5 5. cxd5 cxd5 6. Nc3 Bg7 7. Nf3 Ne4 8. O-O
Nxc3 9. bxc3 Nc6 10. Nd2 O-O 11. e4 dxe4 12. Nxe4 b6 13. Bg5 h6 14. Bf4 Bb7 15.
Re1 Rc8 16. h4 Na5 17. Qe2 Qd7 18. Rad1 Bd5 19. Nd6 exd6 20. Bxd5 Rxc3 21. Qe4
Qg4 22. Rc1 Rxc1 23. Rxc1 b5 24. Rc7 Qd1+ 25. Kg2 Qxd4 26. Qxd4 Bxd4 27. Bxd6
Bb6 28. Rd7 Rd8 29. Bxf7+ Kh7 30. Rxd8 Bxd8 31. Bc5 a6 32. Bd5 Bf6 33. Kf3 Kg7
34. Ke4 Nc4 35. Bb7 Nb2 36. Bb4 Na4 37. Bxa6 Nc3+ 38. Bxc3 Bxc3 39. Bxb5 Be1 40.
Ke3 h5 41. a4 Kf6 42. Ke2 Ba5 43. Bd3 Bb6 44. Kf3 Ba5 45. Kg2 Bb6 46. f3 Kg7 47.
g4 Ba5 48. g5 Be1 49. f4 Kf7 50. Bc4+ Kg7 51. Kh3 Kf8 52. f5 Kg7 53. Bb5 Kf7 54.
fxg6+ Kg7 55. Bd3 Ba5 56. Kg2 Bb4 57. Kf3 Be1 58. Bf5 Ba5 59. Bd3 Be1 60. Be4
Bd2 61. Ke2 Ba5 62. Bf3 Kxg6 63. Bc6 Kf7 64. Bf3 Kg6 65. Bc6 Kf7 66. Bb5 Bb4 67.
Kf3 Be1 68. Be2 Kg6 69. Bd3+ Kg7 70. Bf5 Ba5 71. Bg4 Kg6 72. Bxh5+ Kxh5 73. Kf4
Be1 74. Kf5 Bxh4 75. g6 Kh6 76. a5 Kg7 1/2-1/2